Statistics for Orchestra Instruments Quiz

Click here to take the quiz!

General Stats

  • This quiz has been taken 121,792 times
    (74,636 since last reset)
  • The average score is 20 of 34

Answer Stats

TypeInstrument% Correct
StringsViolin
99%
StringsDouble Bass
94%
WoodwindsFlute
93%
KeyboardsPiano
93%
BrassTrumpet
93%
StringsCello
92%
StringsViola
89%
WoodwindsClarinet
87%
BrassTrombone
84%
BrassTuba
81%
BrassFrench Horn
80%
WoodwindsOboe
77%
StringsHarp
67%
PercussionTriangle
65%
WoodwindsPiccolo
64%
PercussionXylophone
62%
WoodwindsBassoon
60%
PercussionTimpani
57%
KeyboardsCelesta
(or Pipe Organ)
56%
PercussionCymbals
56%
PercussionSnare Drum
56%
PercussionBass Drum
51%
PercussionGong
35%
PercussionMarimba
33%
PercussionGlockenspiel
32%
WoodwindsBass Clarinet
31%
WoodwindsEnglish Horn
30%
PercussionChimes
27%
PercussionTambourine
27%
WoodwindsContrabassoon
20%
PercussionVibraphone
17%
PercussionWood Block
17%
BrassBass Trombone
15%
PercussionTenor Drum
15%

Score Distribution

Percentile by Number Answered

Percent of People with Each Score

Your Score History

You have not taken this quiz since the last reset